Sonatas (Record no. 189197)

MARC details
000 -LEADER
campo de control de longitud fija 01217nam a2200265 i 4500
001 - NÚMERO DE CONTROL
campo de control 189197
003 - IDENTIFICADOR DE NÚMERO DE CONTROL
campo de control SpMaBN
005 - FECHA Y HORA DE LA ÚLTIMA TRANSACCIÓN
campo de control 20250905162525.0
008 - DATOS DE LONGITUD FIJA--INFORMACIÓN GENERAL
campo de control de longitud fija 190424s2017 sp a |||| | spa d
020 ## - NÚMERO INTERNACIONAL ESTÁNDAR DEL LIBRO
Número Internacional Estándar del Libro 978-84-16968-09-1
080 ## - NÚMERO DE LA CLASIFICACIÓN DECIMAL UNIVERSAL
Número de la Clasificación Decimal Universal 821.134.2-31"19"
100 1# - ENTRADA PRINCIPAL--NOMBRE DE PERSONA
Nombre de persona Valle-Inclán, Ramón del,
Fechas asociadas al nombre 1866-1936
9 (RLIN) 112796
245 10 - MENCIÓN DEL TÍTULO
Título Sonatas
Resto del título : memorias del Marqués de Bradomín : primavera, estío, otoño, invierno /
Mención de responsabilidad, etc. Ramón del Valle-Inclán ; ilustraciones de Víctor López-Rúa ; edición y prólogo de Luis Alberto de Cuenca.
250 ## - MENCION DE EDICION
Mención de edición 1ª ed. en Reino de Cordelia
Resto de la mención de edición basada en la publ. por Ed. Rivadeneyra, Madrid, 1933.
260 ## - PUBLICACIÓN, DISTRIBUCIÓN, ETC.
Lugar de publicación, distribución, etc. Madrid :
Nombre del editor, distribuidor, etc. Reino de Cordelia,
Fecha de publicación, distribución, etc. 2017.
300 ## - DESCRIPCIÓN FÍSICA
Extensión 325 p. :
Otras características físicas il. col. ;
Dimensiones 23 cm.
490 1# - MENCIÓN DE SERIE
Mención de serie Reino de Cordelia ;
Designación de volumen o secuencia 83
505 8# - NOTA DE CONTENIDO CON FORMATO
Nota de contenido con formato Contiene: ;
Título Sonata de otoño ;
-- Sonata de estío ;
-- Sonata de primavera ;
-- Sonata de invierno
700 1# - ENTRADA AGREGADA--NOMBRE PERSONAL
Nombre de persona López-Rúa, Víctor,
Fechas asociadas al nombre 1971-
9 (RLIN) 166870
700 1# - ENTRADA AGREGADA--NOMBRE PERSONAL
Nombre de persona Cuenca, Luis Alberto de,
Fechas asociadas al nombre 1950-
9 (RLIN) 240908
830 0# - PUNTO DE ACCESO ADICIONAL DE SERIE-TÍTULO UNIFORME
Título uniforme Reino de Cordelia ;
Designación de volumen o secuencia 83
9 (RLIN) 191205
852 ## - LOCALIZACIÓN
Ubicación ES-MaACL
Número de control de estantería A-14485
itemnumber 196335
Sublocalización o colección R.151975
Ubicación en estantería Depósito 1
Signatura antigua Olim: N-7485
Donativo/Legado Donacion: Editorial
Encuadernación Encuadernación en cartoné.
942 ## - ELEMENTOS DE ENTRADA SECUNDARIOS (KOHA)
Fuente del sistema de clasificación o colocación Clasificación decimal universal
Holdings
Estatus retirado Estado de pérdida Fuente del sistema de clasificación o colocación Estado de daño No para préstamo Biblioteca de origen Biblioteca actual Ubicación en estantería Fecha de adquisición Fuente de adquisición Total de préstamos Signatura topográfica completa Código de barras Visto por última vez Precio de reemplazo Tipo de ítem Koha
    Clasificación decimal universal     Biblioteca del Ateneo de Madrid Biblioteca del Ateneo de Madrid Depósito 1 24/04/2019 Donación   A-14485 1200391 23/02/2023 23/02/2023 Libro impreso